| 000 | 01321cam a22003858i 4500 | ||
|---|---|---|---|
| 005 | 20260322212046.0 | ||
| 008 | data | ||
| 010 | _a 2013045800 | ||
| 020 | _a9781440572265 (pb : alk. paper) | ||
| 020 | _a1440572267 (pb : alk. paper) | ||
| 020 | _z9781440572272 (ebook) | ||
| 020 | _z9781440572272 (ebook) (ebook) | ||
| 020 | _a1440572267 | ||
| 040 |
_aDLC _beng _erda _cDLC _dDLC |
||
| 042 | _apcc | ||
| 050 | 0 | 0 |
_aBF575.A5 _bP97 2014 |
| 082 | 0 | 0 |
_a152.4/7 _223 |
| 092 | _a152.47 P97 2014 | ||
| 100 | 1 | _aPuff, Robert. | |
| 245 | 1 | 4 |
_aThe everything guide to anger management : _bproven techniques to understand and control anger / _cRobert Puff & James Seghers. |
| 263 | _a1405 | ||
| 264 | 1 |
_aAvon, Massachusetts : _bAdams Media, _c[2014] |
|
| 300 | _apages cm | ||
| 336 |
_atext _2rdacontent |
||
| 337 |
_aunmediated _2rdamedia |
||
| 338 |
_avolume _2rdacarrier |
||
| 504 | _aIncludes bibliographical references and index. | ||
| 650 | 0 | _aAnger. | |
| 700 | 1 | _aSeghers, James. | |
| 906 |
_a7 _brip _corignew _d1 _eecip _f20 _gy-gencatlg |
||
| 925 | 0 |
_aacquire _b2 shelf copies _xpolicy default |
|
| 955 | _wxl04 2014-03-20 | ||
| 963 | _aAlex Guarco; phone: 508-427-7100-16763; email: [email protected]; bc: [email protected] | ||
| 001 | data | ||
| 999 |
_c1087 _d1087 |
||